| 000 | 00332nam a2200109Ia 4500 | ||
|---|---|---|---|
| 008 | 160531s9999 xx 000 0 und d | ||
| 100 | _aDarwish, Atef. | ||
| 245 | _aContemporary Gynecologic Practice | ||
| 245 | _cby Atef Darwish (ed.) | ||
| 260 | _c2015 | ||
| 856 | _uhttp://www.intechopen.com/books/contemporary-gynecologic-practice | ||
| 999 |
_c295324 _d295324 |
||